000
00288nam a22001337a 4500
008
180115b xxu||||| |||| 00| 0 eng d
020
_a
9780130913241
041
_a
eng
080
_a
101
100
_a
24
101
_a
FIL
245
_a
MEDIEVAL PHILOSOPHY
_c
WALTER.K
942
_2
udc
_c
BK
999
_c
40265
_d
40265